00437nam a2200109Ia 45000010005000000080041000050820019000461000126000652450088001912600028002795000020003073059241024s9999 xx 000 0 und d aRD/624.7/R426c aRepública Dominicana.Ministerio de Educación. Dirección General de Mantenimiento de Infraestructura Escolar (DGMIE) 0aCentros educativos rehabilitados-Remozados y los nuevos comedores Jornada Extendida b[*SIN EDITORIAL*]c2013 ados ejemplares